000 00842nam a2200277 a 4500
999 _c4552
_d4552
001 4552
003 BD-JhCC
005 20171128172226.0
008 880720s1987 nyua 001 0 eng
020 _a0942191013
020 _a0131337033
035 _a(BD-JhCC)4552
040 _aDLC
_cDLC
_dDLC
_dBD-JhCC
041 _aeng
050 0 0 _aD422
_b.C53 1987
082 0 0 _a909.82/0202
_219
_bCHR 1987
245 0 0 _aChronicle of the 20th century /
_ceditor in chief, Clifton Daniel.
250 _aNorth American ed.
260 _aMount Kisco, N.Y. :
_bChronicle Publications,
_cc1987.
300 _a1357 p. :
_bill. (some col.) ;
_c30 cm.
504 _aIncludes index.
650 0 _aHistory, Modern
_y20th century
_vChronology.
700 1 _aDaniel, Clifton,
_d1912-2000.
740 0 _aChronicle of the twentieth century.
942 _2ddc
_cREF